Tuyển chọn các dạng bài tập tiếng Anh ( Ngữ pháp, từ vựng, cấu trúc, ... )

Zapisane w:
Opis bibliograficzny
1. autor: Võ Nguyễn Xuân Tùng
Format: Książka
Język:Undetermined
Wydane: Tp. HCM Trẻ 2002
Hasła przedmiotowe:
Etykiety: Dodaj etykietę
Nie ma etykietki, Dołącz pierwszą etykiete!
Thư viện lưu trữ: Trung tâm Học liệu Trường Đại học Cần Thơ
LEADER 00619nam a2200193Ia 4500
001 CTU_54704
008 210402s9999 xx 000 0 und d
020 |b 27500 
082 |a 428.076 
082 |b T513/T1 
100 |a Võ Nguyễn Xuân Tùng 
245 0 |a Tuyển chọn các dạng bài tập tiếng Anh ( Ngữ pháp, từ vựng, cấu trúc, ... ) 
245 0 |c Võ Nguyễn Xuân Tùng 
260 |a Tp. HCM 
260 |b Trẻ 
260 |c 2002 
650 |a english language 
650 |x problems, exercises, etc. 
980 |a Trung tâm Học liệu Trường Đại học Cần Thơ